000 00417nam a2200169Ia 4500
008 170705s9999 xx 000 0 und d
020 _a9780545037051
245 _aBear's new friend /
245 _cKarma Wilson ; illustrated by Jane Chapman.
260 _aNew York :
260 _bScholastic,
260 _c2006
300 _aunpaged :
300 _bcolor illustration ;
300 _c23cm.
500 _a370
999 _c335506
_d335506